Akta Kastam 1967 (Akta 235), Peraturan-Peraturan & Perintah (Record no. 4772)

000 -LEADER
fixed length control field nam a22 a 4500
005 - DATE AND TIME OF LATEST TRANSACTION
control field 20180913162023.0
008 - FIXED-LENGTH DATA ELEMENTS--GENERAL INFORMATION
fixed length control field 180913|2018 my ||||| |||| 00| 0 eng d
020 ## - INTERNATIONAL STANDARD BOOK NUMBER
International Standard Book Number 9789678926867
Terms of availability RM 29.50
040 ## - CATALOGING SOURCE
Original cataloging agency AKMAL
082 ## - DEWEY DECIMAL CLASSIFICATION NUMBER
Classification number 343.595056 MAL
090 ## - LOCALLY ASSIGNED LC-TYPE CALL NUMBER (OCLC); LOCAL CALL NUMBER (RLIN)
Classification number (OCLC) (R) ; Classification number, CALL (RLIN) (NR) 343.595056
Local cutter number (OCLC) ; Book number/undivided call number, CALL (RLIN) MAL
245 ## - TITLE STATEMENT
Title Akta Kastam 1967 (Akta 235), Peraturan-Peraturan & Perintah
Remainder of title (Hingga 1hb November 2017)
260 ## - PUBLICATION, DISTRIBUTION, ETC.
Place of publication, distribution, etc. Selangor Darul Ehsan
Name of publisher, distributor, etc. International Law Book Services
Date of publication, distribution, etc. 2017
300 ## - PHYSICAL DESCRIPTION
Other physical details 259 m.s
Dimensions 24cm
650 ## - SUBJECT ADDED ENTRY--TOPICAL TERM
Topical term or geographic name entry element akta, peraturan dan perintah
9 (RLIN) 9115
942 ## - ADDED ENTRY ELEMENTS (KOHA)
Source of classification or shelving scheme
Koha item type Book
Holdings
Withdrawn status Lost status Source of classification or shelving scheme Damaged status Not for loan Collection code Home library Current library Shelving location Date acquired Inventory number Total Checkouts Full call number Barcode Date last seen Date last checked out Price effective from Koha item type Total Renewals
          NON-FICTION AKMAL Melaka AKMAL Melaka PINJAMAN 13.09.2018 307214 6 343.595056 MAL 201707727 30.09.2019 23.08.2019 13.09.2018 Book  
          NON-FICTION AKMAL Melaka AKMAL Melaka PINJAMAN 13.09.2018 307215 7 343.595056 MAL 201707725 16.06.2020 24.02.2020 13.09.2018 Book  
          NON-FICTION AKMAL Melaka AKMAL Melaka PINJAMAN 13.09.2018 307216   343.595056 MAL 201707724 13.09.2018   13.09.2018 Book  
          NON-FICTION AKMAL Melaka AKMAL Melaka PINJAMAN 13.09.2018 307217 5 343.595056 MAL 201707723 18.09.2019 23.08.2019 13.09.2018 Book  
          NON-FICTION AKMAL Melaka AKMAL Melaka PINJAMAN 13.09.2018 307218 6 343.595056 MAL 201707722 18.09.2019 23.08.2019 13.09.2018 Book 1
Pusat Sumber Maklumat Dato' Haji Sarmin Md Hussin, Akademi Kastam Diraja Malaysia, Melaka
Tel: 06-2331106 | Faks: 06-2313787